| 000 | 00971nac a22003137a 4500 | ||
|---|---|---|---|
| 001 | BR2010000661 | ||
| 003 | BR-BrBNA | ||
| 005 | 20240105123804.0 | ||
| 008 | 230509b bl.|||m| |||| 00| 0 por d | ||
| 040 |
_aBR-BrBNA _bpor _cBiblioteca Nacional de Agricultura |
||
| 072 | _aF30 | ||
| 090 | _a0120 BR2010000661 | ||
| 100 | 1 | _aShioga, P.S. | |
| 100 | 1 | _aGerage, A.C. | |
| 100 | 1 | _aAraújo, P.M. de | |
| 110 | 1 |
_aInstituto Agronômico de Paraná, Londrina (Brasil) _95655 |
|
| 245 | 1 | _aAvaliação estadual de cultivares de milho safrinha - 2007 | |
| 260 | 3 |
_aLondrina, PR (Brasil): _c2007. |
|
| 300 | _a46 p. | ||
| 490 |
_aInforme da Pesquisa - Instituto Agronômico do Paraná (Brazil) _vno. 153 _xISSN 0100-9508 |
||
| 500 | _aNumerical data | ||
| 650 | _aMILHO | ||
| 650 | _aVARIEDADE | ||
| 650 | _aSISTEMA DE CULTIVO | ||
| 650 | _aPRODUÇÃO VEGETAL | ||
| 650 | _aSAFRA | ||
| 909 |
_a202312 _bLúcia Elande _c55 _dLúcia Elande |
||
| 942 |
_2AGRIS _n0 _cMS |
||
| 999 |
_c297005 _d297005 |
||